000 005970000a22001810004500
020 _a9977-904-06-5
041 0 _aSPA
082 0 4 _aG 270.92 S2311p
100 1 _aSanta Ana, Julio de
245 1 0 _aPor las sendas del mundo, caminando hacia el reino : Reorientación pastoral y renovación teológica en América Latina / Julio de Santa Ana
260 _aSan José, Costa Rica : Departamento Ecuménico de Investigaciones
300 _a127 Pag
001 8348
942 _cBK
999 _c38519
_d38519
336 _atexto
_btxt
_2rdacontent
337 _2rdamedia
_asin mediación
_bn
338 _2rdacarrier
_avolumen
_bnc